000 00754nam a2200241 i 4500
001 58787
003 ES-MaACL
005 20230906163904.0
007 t|
008 031024s1965 sp ||||1| spa d
100 1 _aEck, Marcel.
_946596
245 1 0 _aTrabajo y fatiga mental /
_cMarcel Eck, L. Dumortier y J. Saulnier ; [traducido al castellano por Carlos Jiménez Villarejo].
250 _a[1ª ed.].
260 _aBarcelona :
_b[Fontanella],
_c1965.
300 _a116 p. ;
_c19 cm.
490 1 _aIntormes ;
_v11
700 1 _aDumortier, L.
_946014
700 1 _aSaulnier, J.
_9103972
700 1 _aJiménez Villarejo, Carlos.
_966627
830 0 _aIntormes ;
_v11
_9230492
852 _aES-MaACL
_jC-28306
_bR.57259
999 _c58787
_d58787